| 000 | 00525nam a22001937a 4500 | ||
|---|---|---|---|
| 003 | MPLRDC | ||
| 005 | 20220104143432.0 | ||
| 008 | 210129b ||||| |||| 00| 0 eng d | ||
| 020 | _a978-986-216-314-6 | ||
| 082 | _a494.35 DQYY-2 | ||
| 100 | _a大前研一 | ||
| 245 |
_a再起动 _c陈光棻 等译 |
||
| 250 | _a一版三刷 | ||
| 260 |
_a台湾 _b天下远见出版股份有限公司 _c2009 |
||
| 300 | _b333 | ||
| 490 | _a心理励志: 249 | ||
| 650 | _a企业管理--职场成功法 | ||
| 942 |
_cBK _o494.35 DQYY-2 |
||
| 999 |
_c39873 _d39863 |
||